IOM's regional situation report on trafficking in persons into forced criminality in online scamming centres in Southeast Asia /

Bibliographic Details
Corporate Author: International Organization for Migration (IOM)
Format: Book
Language:English
Published: Bangkok, Thailand : International Organization for Migration (IOM), 2024.
Subjects:
Online Access:Full text available on IOM
Classic Catalogue: View this record in Classic Catalogue
LEADER 01525nam a22002537a 4500
001 45178
003 BD-DhAAL
005 20260113123553.0
008 260113t2024 th ab||| |||| 00| 0 eng d
040 |a BD-DhAAL  |c BD-DhAAL 
082 |a 364.163  |2 23 
245 |a IOM's regional situation report on trafficking in persons into forced criminality in online scamming centres in Southeast Asia / 
260 |a Bangkok, Thailand :  |b International Organization for Migration (IOM),  |c 2024. 
300 |a 19 pages :  |b illustrations, maps :  |c 30 cm 
541 |a Donated by K. Shamsuddin Mahmood (Professor and Dean School of Law) BRAC University  |e 45178 
650 |a Internet fraud  |z Southeast Asia.  |9 60167 
650 |a Online identity theft  |z Southeast Asia.  |9 60168 
650 |a Computer crimes  |z Southeast Asia.  |9 60175 
650 |a Human trafficking  |z Southeast Asia.  |9 60176 
710 |a International Organization for Migration (IOM) 
856 |z Full text available on IOM  |u https://roasiapacific.iom.int/sites/g/files/tmzbdl671/files/documents/2024-02/iom-southeast-asia-trafficking-for-forced-criminality-update_december-2023.pdf 
942 |2 ddc  |c BK 
999 |c 47709  |d 47709 
952 |0 0  |1 0  |2 ddc  |4 0  |6 364_163000000000000_IOM  |7 0  |8 RPT  |9 78671  |a BRACUL  |b BRACUL  |c REF  |d 2026-01-13  |e Donated by K. Shamsuddin Mahmood (Professor and Dean School of Law) BRAC University  |l 0  |o 364.163 IOM  |p 3010045178  |r 2026-01-13  |t 1  |w 2026-01-13  |y BK  |x Donated copy received from K. Shamsuddin Mahmood (Professor and Dean School of Law) BRAC University on 8 December 2025